| Tag |
First Indicator |
Second Indicator |
Subfields |
| LEADER |
00000cam a22000008a 4500 |
| 001 |
in00000007888 |
| 005 |
20160208121307.0 |
| 008 |
870629s1987 njuak 00110 eng |
| 010 |
|
|
|a 87018677
|
| 020 |
|
|
|a 0134021576
|
| 035 |
|
|
|a (OCoLC)16225119
|
| 035 |
|
|
|9 AAA0230AM
|
| 040 |
|
|
|a DLC
|c DLC
|d TXA
|d UtOrBLW
|
| 050 |
0 |
0 |
|a HF5627
|b .M54 1987
|
| 082 |
0 |
|
|a 657/.068
|2 19
|
| 100 |
1 |
|
|a Miller, Robert E.,
|c Jr.
|
| 245 |
1 |
0 |
|a How to compete successfully in a public accounting practice /
|c Robert E. Miller, Jr.
|
| 263 |
|
|
|a 8710
|
| 264 |
|
1 |
|a Englewood Cliffs, N.J. :
|b Prentice-Hall,
|c [1987]
|
| 264 |
|
4 |
|c ©1987
|
| 300 |
|
|
|a xx, 250 pages :
|b illustrations, forms.
|
| 336 |
|
|
|a text
|b txt
|2 rdacontent
|
| 337 |
|
|
|a unmediated
|b n
|2 rdamedia
|
| 338 |
|
|
|a volume
|b nc
|2 rdacarrier
|
| 500 |
|
|
|a Includes index.
|
| 650 |
|
0 |
|a Accounting firms
|x Management.
|
| 999 |
|
|
|a MARS
|
| 999 |
f |
f |
|s 6b27f1bb-1789-39e6-a230-7ad27dc2b513
|i dabf37d3-3754-3666-9971-a8a345f20445
|t 0
|
| 952 |
f |
f |
|p ric
|a Texas A&M University
|b Rellis Campus
|c Joint Library Facility
|d Remote Storage
|t 0
|e HF5627 .M54 1987
|h Library of Congress classification
|i unmediated -- volume
|m A14812558163
|
| 998 |
f |
f |
|a HF5627 .M54 1987
|t 0
|l Remote Storage
|